| 000 | 01524cab a2200193 4500 | ||
|---|---|---|---|
| 001 | L129229 | ||
| 008 | 050404n2005 000 0 eng u | ||
| 035 | _a(Sirsi) u129229 | ||
| 041 | _aeng | ||
| 100 | _aWustemann, Louis | ||
| 245 | _aMy generation - site-based wind power | ||
| 260 | _c2005 | ||
| 490 |
_aEnvironment Information Bulletin _v(147) April 2005, 6-11(4) |
||
| 520 | _aExamines the growing market for installing wind turbines on company or organisational sites both to reduce energy costs and their environmental footprints. Companies are unlikely to be able to decouple any site from the National Grid but on-site power generation means that they can partly decouple from the volatile electricity market. Looks at the prerequisites for wind turbine installation such as site suitability, choice of generating capacity and outlines the costs and benefits of wind energy production. Considers partnership options such as Ecotricity's Merchant Wind Power for organisations unwilling to allocate full funding to non core activities. A variant of this consists of private power generation for a group of client companies from off-site turbines financed by Co-operative Financial Services. Describes the work of Proven Energy, a leading turbine installer and concludes with "Following wind", in which Ross Fairley discusses wind power schemes from a legal perspective. | ||
| 590 | _aIKA150405 | ||
| 690 | _aENVIRONMENTAL AND LAND CONSULTANCY-ENERGY-RENEWABLE ENERGY | ||
| 700 | _aFairley, Ross | ||
| 942 | _n0 | ||
| 999 |
_c75007 _d75007 |
||